[Event "Remote S7E Pioneer-57 email"]
[Site "Remote email"]
[Date "2013.09.09"]
[Round "?"]
[White "Spieler, Freakie"]
[Black "Muster, Wolfgang"]
[Result "0-1"]
[WhiteElo "2233"]
[BlackElo "2288"]
[PlyCount "104"]
[EventDate "2013.??.??"]
[EventType "tourn (corr)"]
[EventRounds "6"]
[EventCountry "GER"]
[SourceTitle "Corr 2015"]
[Source "ChessBase"]
[SourceDate "2015.07.17"]
[SourceVersion "1"]
[SourceVersionDate "2015.07.17"]
[SourceQuality "1"]

1. d4 Nf6 2. c4 c5 3. e3 g6 4. Nc3 Bg7 5. Nf3 0-0 6. d5 d6 7. Be2 e6 8. 0-0 Re8 9. dxe6 Bxe6 10. Ng5 Bf5 11. e4 Bc8 12. Qd3 Nc6 13. Bf4 Nd4 14. Rfe1 Bd7 15. Bxd6 h6 16. Nf3 Nxe4 17. Nxe4 Bc6 18. Bf1 Rxe4 19. Rxe4 Bxe4 20. Qxe4 Qxd6 21. Nxd4 Bxd4 22. Re1 Qb6 23. b3 a5 24. Qf3 Kf8 25. Qf4 Kg7 26. Re7 Bf6 27. Qc7 Qxc7 28. Rxc7 b6 29. g3 Rd8 30. Rb7 Rd2 31. a4 Bd4 32. Rxb6 Rxf2 33. Rb5 Rf5+ 34. Kg2 g5 35. Rxa5 Rf2+ 36. Kg1 Rf3+ 37. Kg2 g4 38. Ra7 Rf2+ 39. Kg1 Rb2+ 40. Kh1 Rxb3 41. a5 h5 42. a6 Rb1 43. Kg2 Ra1 44. Ra8 Ra2+ 45. Kh1 h4 46. gxh4 f5 47. Rb8 Ra1 48. Kg2 Rxa6 49. Rb7+ Kf6 50. Rb1 Ra2+ 51. Kh1 f4 52. Rd1 Kg6 0-1

[Event "Remote Random-162 email"]
[Site "Remote email"]
[Date "2013.06.10"]
[Round "?"]
[White "Muster, Wolfgang"]
[Black "Buchmann, Hans Peter"]
[Result "1-0"]
[WhiteElo "2325"]
[BlackElo "2245"]
[PlyCount "71"]
[EventDate "2013.??.??"]
[EventType "tourn (corr)"]
[EventRounds "6"]
[EventCountry "GER"]
[SourceTitle "Corr 2015"]
[Source "ChessBase"]
[SourceDate "2015.07.17"]
[SourceVersion "1"]
[SourceVersionDate "2015.07.17"]
[SourceQuality "1"]

1. d4 Nf6 2. c4 g6 3. Nc3 Bg7 4. e4 d6 5. f3 0-0 6. Be3 e5 7. d5 c6 8. Qd2 Bd7 9. Nge2 cxd5 10. cxd5 Na6 11. Rc1 Qa5 12. a3 h5 13. Rc2 Qd8 14. b4 h4 15. Bg5 Re8 16. Ng1 Rc8 17. Bd3 Bf8 18. Be3 Bg7 19. Nge2 Qe7 20. 0-0 Nc7 21. Bxa7 Ra8 22. Bb6 Rec8 23. Rfc1 Qf8 24. Be3 Qd8 25. a4 h3 26. g3 Nh7 27. a5 Bf6 28. Nd1 Na6 29. Rxc8 Rxc8 30. Rxc8 Bxc8 31. Qc3 Bd7 32. b5 Nc5 33. Bxc5 dxc5 34. a6 Ng5 35. Kf2 c4 36. Bxc4 1-0

[Event "Remote Random-162 email"]
[Site "Remote email"]
[Date "2013.06.10"]
[Round "?"]
[White "Muster, Wolfgang"]
[Black "Tortoza, Carlos Alberto"]
[Result "1-0"]
[WhiteElo "2325"]
[BlackElo "1633"]
[PlyCount "85"]
[EventDate "2013.??.??"]
[EventType "tourn (corr)"]
[EventRounds "6"]
[EventCountry "GER"]
[SourceTitle "Corr 2015"]
[Source "ChessBase"]
[SourceDate "2015.07.17"]
[SourceVersion "1"]
[SourceVersionDate "2015.07.17"]
[SourceQuality "1"]

1. d4 Nf6 2. c4 g6 3. Nc3 Bg7 4. e4 d6 5. f3 0-0 6. Be3 e5 7. d5 c6 8. Qd2 c5 9. a3 Bd7 10. b4 Na6 11. Rb1 b6 12. Bd3 Nh5 13. Nge2 Nc7 14. 0-0 f5 15. exf5 Bxf5 16. Ne4 Nf4 17. Nxf4 exf4 18. Bxf4 Ne8 19. Rfe1 Qd7 20. bxc5 bxc5 21. g3 Bd4+ 22. Kg2 Nf6 23. Nxd6 Bh3+ 24. Kh1 Nh5 25. Rb7 Nxf4 26. Rxd7 Bg2+ 27. Qxg2 Nxg2 28. Kxg2 a5 29. Ree7 Rad8 30. Rxh7 Rxd7 31. Rxd7 Rf6 32. Nb5 Be3 33. d6 Kf8 34. Rd8+ Kf7 35. Be4 Bh6 36. Bd5+ Kg7 37. d7 Kh7 38. Re8 Bg7 39. d8Q a4 40. Rh8+ Bxh8 41. Qg8+ Kh6 42. Qxh8+ Kg5 43. Qh4+ 1-0

[Event "Remote S7E Adv-133 email"]
[Site "Remote email"]
[Date "2013.06.01"]
[Round "?"]
[White "Muster, Wolfgang"]
[Black "Kahl, Karl Heinz"]
[Result "1-0"]
[WhiteElo "2264"]
[BlackElo "2161"]
[PlyCount "93"]
[EventDate "2013.??.??"]
[EventType "tourn (corr)"]
[EventRounds "6"]
[EventCountry "GER"]
[SourceTitle "Corr 2015"]
[Source "ChessBase"]
[SourceDate "2015.07.17"]
[SourceVersion "1"]
[SourceVersionDate "2015.07.17"]
[SourceQuality "1"]

1. d4 Nf6 2. c4 e6 3. g3 d5 4. Nf3 dxc4 5. Bg2 c5 6. 0-0 Nc6 7. Ne5 Bd7 8. Na3 cxd4 9. Naxc4 Bc5 10. Qb3 0-0 11. Bf4 Qc8 12. Rfc1 Nd5 13. Nxd7 Qxd7 14. Ne5 Nxe5 15. Bxe5 Bb6 16. Rd1 Ne7 17. a4 Nc6 18. Bxc6 Qxc6 19. a5 Bc5 20. Rac1 b6 21. Bxd4 Rfd8 22. Bxc5 bxc5 23. Rxd8+ Rxd8 24. Qc4 Qb7 25. b3 g6 26. Qxc5 Qxb3 27. Qxa7 Qb2 28. Qc7 Ra8 29. Rd1 Qxe2 30. Rd8+ Rxd8 31. Qxd8+ Kg7 32. Qd4+ Kg8 33. Qa4 Qa6 34. Qb4 Qe2 35. Qb8+ Kg7 36. Qb1 Kf8 37. h4 e5 38. Qf1 Qb2 39. a6 Ke7 40. Qe1 Kd7 41. Qa5 Qc1+ 42. Kh2 Qc6 43. a7 Qa8 44. Qb5+ Kc7 45. Qxe5+ Kb7 46. Qe7+ Kb6 47. Qxf7 1-0

[Event "Remote S7E Adv-133 email"]
[Site "Remote email"]
[Date "2013.06.01"]
[Round "?"]
[White "Wittig, Frank"]
[Black "Muster, Wolfgang"]
[Result "1/2-1/2"]
[WhiteElo "2313"]
[BlackElo "2264"]
[PlyCount "64"]
[EventDate "2013.??.??"]
[EventType "tourn (corr)"]
[EventRounds "6"]
[EventCountry "GER"]
[SourceTitle "Corr 2015"]
[Source "ChessBase"]
[SourceDate "2015.07.17"]
[SourceVersion "1"]
[SourceVersionDate "2015.07.17"]
[SourceQuality "1"]

1. e4 c5 2. Nf3 d6 3. Bc4 Nc6 4. d4 cxd4 5. Nxd4 g6 6. Nc3 Bg7 7. Be3 Nf6 8. f3 Qb6 9. Bb5 Qc7 10. g4 a6 11. Ba4 b5 12. Bb3 Bb7 13. g5 Nd7 14. Nd5 Qd8 15. a4 0-0 16. h4 Na5 17. axb5 axb5 18. h5 Nxb3 19. Rxa8 Bxa8 20. cxb3 e6 21. hxg6 hxg6 22. Nb4 Nc5 23. Kf1 Qc7 24. Kf2 f6 25. gxf6 Rxf6 26. Ke2 e5 27. Nd5 Bxd5 28. Nxb5 Bxe4 29. fxe4 Qc6 30. Qd5+ Qxd5 31. exd5 Nxb3 32. Rg1 Kh7 1/2-1/2

[Event "Remote S7E Pioneer-56 email"]
[Site "Remote email"]
[Date "2013.05.31"]
[Round "?"]
[White "Muster, Wolfgang"]
[Black "Guelker, Lorenz"]
[Result "1-0"]
[WhiteElo "2287"]
[BlackElo "2210"]
[PlyCount "101"]
[EventDate "2013.??.??"]
[EventType "tourn (corr)"]
[EventRounds "6"]
[EventCountry "GER"]
[SourceTitle "Corr 2015"]
[Source "ChessBase"]
[SourceDate "2015.07.17"]
[SourceVersion "1"]
[SourceVersionDate "2015.07.17"]
[SourceQuality "1"]

1. d4 Nf6 2. c4 d5 3. cxd5 Qxd5 4. Nc3 Qa5 5. Bd2 Qb6 6. e3 Bg4 7. Nge2 Bd7 8. Nf4 e6 9. Nd3 Be7 10. Rc1 0-0 11. Be2 a5 12. 0-0 Rd8 13. Qc2 Be8 14. Rfd1 Nc6 15. a3 a4 16. Rb1 Rxd4 17. exd4 Nxd4 18. Be3 Nxc2 19. Bxb6 cxb6 20. Ne5 Bc5 21. Nf3 Bc6 22. h3 Ne4 23. Nxe4 Bxe4 24. Rbc1 Kf8 25. Rd7 Bc6 26. Rd2 Bxf3 27. Bxf3 Nd4 28. Rc3 Nxf3+ 29. Rxf3 Re8 30. Rd7 Re7 31. Rd8+ Re8 32. Rfd3 g6 33. R3d7 Be7 34. Rxe8+ Kxe8 35. Rxb7 Bc5 36. Ra7 Bd4 37. Rxa4 Bxb2 38. Kf1 Kd7 39. Ra7+ Ke8 40. Ke2 Kf8 41. Ke3 Kg7 42. a4 Kh6 43. Rxf7 g5 44. Kd3 Kg6 45. Rb7 Ba3 46. Rxb6 Bc5 47. a5 Kf6 48. Kc4 Bxf2 49. Kb5 Ke5 50. a6 Bxb6 51. Kxb6 1-0

[Event "Remote S7E Pioneer-56 email"]
[Site "Remote email"]
[Date "2013.05.31"]
[Round "?"]
[White "Voelker, Michael"]
[Black "Muster, Wolfgang"]
[Result "1/2-1/2"]
[WhiteElo "2227"]
[BlackElo "2287"]
[PlyCount "85"]
[EventDate "2013.??.??"]
[EventType "tourn (corr)"]
[EventRounds "6"]
[EventCountry "GER"]
[SourceTitle "Corr 2015"]
[Source "ChessBase"]
[SourceDate "2015.07.17"]
[SourceVersion "1"]
[SourceVersionDate "2015.07.17"]
[SourceQuality "1"]

1. Nf3 Nf6 2. c4 b6 3. g3 c5 4. Bg2 Bb7 5. 0-0 g6 6. Nc3 Bg7 7. d4 cxd4 8. Qxd4 Nc6 9. Qf4 0-0 10. Qh4 Nh5 11. Bd2 d6 12. Rac1 Qd7 13. b3 Rae8 14. Qh3 f5 15. e4 e6 16. exf5 exf5 17. Ng5 h6 18. Bd5+ Kh8 19. Nf3 Bc8 20. Rfd1 Ne7 21. Nh4 Nf6 22. Re1 Kh7 23. Be6 Qb7 24. Qg2 Nc6 25. Bxc8 Qxc8 26. Rcd1 Rxe1+ 27. Bxe1 Re8 28. Nb5 Rd8 29. h3 Qd7 30. Bc3 Ne4 31. Bxg7 Qxg7 32. f3 Ng5 33. Kh2 a6 34. Rxd6 Rxd6 35. Nxd6 Qd4 36. f4 Qxd6 37. fxg5 hxg5 38. Nf3 g4 39. hxg4 fxg4 40. Ng5+ Kg8 41. Qe2 Ne5 42. Qe3 b5 43. cxb5 1/2-1/2

[Event "Remote Random email"]
[Site "Remote email"]
[Date "2013.05.19"]
[Round "?"]
[White "Pieleck, Rudolf"]
[Black "Muster, Wolfgang"]
[Result "0-1"]
[WhiteElo "1627"]
[BlackElo "2334"]
[PlyCount "52"]
[EventDate "2013.??.??"]
[EventType "tourn (corr)"]
[EventRounds "6"]
[EventCountry "GER"]
[SourceTitle "Corr 2015"]
[Source "ChessBase"]
[SourceDate "2015.07.17"]
[SourceVersion "1"]
[SourceVersionDate "2015.07.17"]
[SourceQuality "1"]

1. e4 d5 2. exd5 Nf6 3. c4 c6 4. Nf3 cxd5 5. Nc3 d4 6. Ne2 Nc6 7. d3 e5 8. Ng3 Be7 9. Be2 0-0 10. 0-0 Nd7 11. Nf5 a5 12. h4 Nc5 13. Nxe7+ Qxe7 14. Ng5 h6 15. Ne4 Nxe4 16. dxe4 Qxh4 17. f4 f5 18. Qe1 Qxe1 19. Rxe1 fxe4 20. fxe5 Nb4 21. Rf1 Rxf1+ 22. Kxf1 Nc2 23. Rb1 Bf5 24. g4 Bh7 25. g5 e3 26. b3 d3 0-1

[Event "Remote email"]
[Site "Remote email"]
[Date "2013.05.10"]
[Round "?"]
[White "Schulz, Peter"]
[Black "Muster, Wolfgang"]
[Result "0-1"]
[WhiteElo "1824"]
[BlackElo "2334"]
[PlyCount "50"]
[EventDate "2013.??.??"]
[EventType "tourn (corr)"]
[EventRounds "6"]
[EventCountry "GER"]
[SourceTitle "Corr 2015"]
[Source "ChessBase"]
[SourceDate "2015.07.17"]
[SourceVersion "1"]
[SourceVersionDate "2015.07.17"]
[SourceQuality "1"]

1. d4 Nf6 2. Nf3 c5 3. d5 e6 4. dxe6 fxe6 5. Nc3 Nc6 6. e4 d5 7. exd5 exd5 8. Bb5 d4 9. Qe2+ Be7 10. Ne4 Nxe4 11. Bxc6+ bxc6 12. Qxe4 0-0 13. Qd3 a5 14. 0-0 Ba6 15. c4 dxc3 16. Qxd8 Raxd8 17. Re1 Bf6 18. Bg5 Bxg5 19. Nxg5 cxb2 20. Rab1 Rfe8 21. Ne6 Rb8 22. f3 c4 23. Kf2 c3 24. Nd4 Bd3 25. Nxc6 Bxb1 0-1

[Event "Remote email"]
[Site "Remote email"]
[Date "2013.04.27"]
[Round "?"]
[White "Muster, Wolfgang"]
[Black "Witt, Monika"]
[Result "1-0"]
[WhiteElo "2334"]
[BlackElo "1428"]
[PlyCount "85"]
[EventDate "2013.??.??"]
[EventType "tourn (corr)"]
[EventRounds "6"]
[EventCountry "GER"]
[SourceTitle "Corr 2015"]
[Source "ChessBase"]
[SourceDate "2015.07.17"]
[SourceVersion "1"]
[SourceVersionDate "2015.07.17"]
[SourceQuality "1"]

1. d4 d5 2. c4 e6 3. Nc3 Bb4 4. e3 Bxc3+ 5. bxc3 Nf6 6. Ba3 Ne4 7. Qa4+ Bd7 8. Qb3 Bc6 9. Bd3 Nd6 10. Nf3 0-0 11. 0-0 Nd7 12. cxd5 exd5 13. Ne5 Nxe5 14. dxe5 Ne4 15. Bxe4 Re8 16. Rad1 Rxe5 17. Bf3 h5 18. c4 a5 19. cxd5 a4 20. dxc6 axb3 21. Rxd8+ Rxd8 22. axb3 b6 23. Bb2 Rb5 24. Bd4 g6 25. h3 Rxb3 26. Be5 Re8 27. Bxc7 b5 28. Rd1 Rc3 29. Ba5 Ra3 30. Bd8 b4 31. c7 Rc3 32. Rb1 b3 33. Rxb3 Rc1+ 34. Kh2 Kh7 35. Bb7 Rxc7 36. Bxc7 f5 37. Bf4 h4 38. Bg5 Rb8 39. g3 hxg3+ 40. Kxg3 Kg8 41. Bd5+ Kf8 42. Rxb8+ Kg7 43. Rg8+ 1-0

[Event "Remote S7E Pioneer-55 email"]
[Site "Remote email"]
[Date "2013.04.17"]
[Round "?"]
[White "Muster, Wolfgang"]
[Black "Vehlow, Burkhard"]
[Result "1-0"]
[WhiteElo "2264"]
[BlackElo "2287"]
[PlyCount "65"]
[EventDate "2013.??.??"]
[EventType "tourn (corr)"]
[EventRounds "6"]
[EventCountry "GER"]
[SourceTitle "Corr 2015"]
[Source "ChessBase"]
[SourceDate "2015.07.17"]
[SourceVersion "1"]
[SourceVersionDate "2015.07.17"]
[SourceQuality "1"]

1. d4 Nf6 2. Bg5 c5 3. Bxf6 gxf6 4. d5 Qb6 5. Qc1 Bg7 6. c4 d6 7. Nc3 Nd7 8. e3 Ne5 9. f4 Ng6 10. Bd3 Bd7 11. Nge2 0-0-0 12. Qc2 Kb8 13. 0-0 f5 14. Bxf5 Bxf5 15. Qxf5 Qxb2 16. Rac1 Qd2 17. Kf2 Nh4 18. Qb1 Nxg2 19. Rcd1 Qxe3+ 20. Kxg2 Rhg8 21. Qc2 Bf6+ 22. Kh1 Qh3 23. Rf2 Rg6 24. Qd3 Qh6 25. Ne4 Qh4 26. Rb1 Rc8 27. Qf3 Rcg8 28. Qb3 b6 29. a4 e6 30. a5 Bd8 31. axb6 Bxb6 32. N2c3 Qe7 33. Ra2 1-0

[Event "Remote S7E Pioneer-55 email"]
[Site "Remote email"]
[Date "2013.04.17"]
[Round "?"]
[White "Winiger, Albert"]
[Black "Muster, Wolfgang"]
[Result "1/2-1/2"]
[WhiteElo "2296"]
[BlackElo "2264"]
[PlyCount "68"]
[EventDate "2013.??.??"]
[EventType "tourn (corr)"]
[EventRounds "6"]
[EventCountry "GER"]
[SourceTitle "Corr 2015"]
[Source "ChessBase"]
[SourceDate "2015.07.17"]
[SourceVersion "1"]
[SourceVersionDate "2015.07.17"]
[SourceQuality "1"]

1. d4 d5 2. Nf3 c5 3. g3 cxd4 4. Nxd4 e5 5. Nb3 Nc6 6. Bg2 Be6 7. 0-0 h6 8. e4 d4 9. c3 Qb6 10. cxd4 exd4 11. N1d2 Bb4 12. Nf3 Rd8 13. e5 Nge7 14. a3 Ba5 15. Nxa5 Nxa5 16. b4 Nc4 17. Qd3 0-0 18. Re1 Ng6 19. Rb1 Rfe8 20. Bb2 Nxb2 21. Rxb2 Bg4 22. Rbe2 Re6 23. h3 Bxf3 24. Bxf3 Qc7 25. Bg2 Nxe5 26. Qf5 g6 27. Qf4 g5 28. Qf5 d3 29. Rxe5 Rxe5 30. Rxe5 d2 31. Bf3 d1Q+ 32. Bxd1 Rxd1+ 33. Kg2 Qc6+ 34. Qe4 Qxe4+ 1/2-1/2

[Event "Remote S7E Adv-131 email"]
[Site "Remote email"]
[Date "2013.03.22"]
[Round "?"]
[White "Hahner, Anton"]
[Black "Muster, Wolfgang"]
[Result "1/2-1/2"]
[WhiteElo "2131"]
[BlackElo "2256"]
[PlyCount "78"]
[EventDate "2013.??.??"]
[EventType "tourn (corr)"]
[EventRounds "6"]
[EventCountry "GER"]
[SourceTitle "Corr 2015"]
[Source "ChessBase"]
[SourceDate "2015.07.17"]
[SourceVersion "1"]
[SourceVersionDate "2015.07.17"]
[SourceQuality "1"]

1. d4 d5 2. Nf3 c5 3. c4 dxc4 4. e3 cxd4 5. Bxc4 Qc7 6. Qb3 e6 7. exd4 Nc6 8. 0-0 Nf6 9. Nc3 Bd7 10. Nb5 Qd8 11. Be2 Be7 12. Rd1 Nd5 13. Bd2 0-0 14. Nc3 Na5 15. Qc2 Rc8 16. Ne5 Be8 17. Qe4 f5 18. Qf3 Nb6 19. Bf4 Bf6 20. Rac1 Nc6 21. Qg3 Kh8 22. Qe3 Qe7 23. a3 Rd8 24. Bg3 g5 25. f4 Qg7 26. Bf3 Na5 27. Qf2 Nbc4 28. Rc2 Bc6 29. Nxc4 Nxc4 30. Bxc6 Rxd4 31. Kh1 bxc6 32. fxg5 Rxd1+ 33. Nxd1 Bd4 34. Qe1 f4 35. Bf2 Bxf2 36. Rxf2 Ne5 37. Re2 Rf5 38. Qb4 Qc7 39. Re4 f3 1/2-1/2

[Event "Remote S7E Pioneer-54 email"]
[Site "Remote email"]
[Date "2013.03.12"]
[Round "?"]
[White "Quinones Borda, Jorge Victor"]
[Black "Muster, Wolfgang"]
[Result "1/2-1/2"]
[WhiteElo "2077"]
[BlackElo "2346"]
[PlyCount "90"]
[EventDate "2013.??.??"]
[EventType "tourn (corr)"]
[EventRounds "6"]
[EventCountry "GER"]
[SourceTitle "Corr 2015"]
[Source "ChessBase"]
[SourceDate "2015.07.17"]
[SourceVersion "1"]
[SourceVersionDate "2015.07.17"]
[SourceQuality "1"]

1. d4 d5 2. e4 dxe4 3. Nc3 Nf6 4. f3 c5 5. d5 exf3 6. Qxf3 g6 7. Bg5 Bg7 8. h3 Nbd7 9. 0-0-0 0-0 10. g4 a6 11. Bg2 b5 12. d6 Ra7 13. Ne4 e6 14. Qe3 Bb7 15. Nxf6+ Bxf6 16. Bxf6 Nxf6 17. Nf3 Qb6 18. Rhf1 Nd7 19. Qh6 Bxf3 20. Bxf3 Qa5 21. Kb1 c4 22. h4 c3 23. Rd3 Ne5 24. Rxc3 Rd7 25. h5 b4 26. Re3 Qc5 27. Be2 Rc8 28. Rc1 Qxd6 29. hxg6 fxg6 30. Re4 a5 31. Qe3 Rc5 32. b3 Qc7 33. Rf1 Kg7 34. Qf2 Rf7 35. Rf4 Rxf4 36. Qxf4 Qe7 37. Qf2 Nf7 38. Bc4 Ng5 39. Qe1 Qd6 40. Qe3 h6 41. Qf2 e5 42. Qe2 Qe7 43. Rh1 Rc8 44. Rd1 Nh7 45. Qe3 Nf6 1/2-1/2

[Event "Remote S7E Pioneer-54 email"]
[Site "Remote email"]
[Date "2013.03.12"]
[Round "?"]
[White "Vehlow, Burkhard"]
[Black "Muster, Wolfgang"]
[Result "1/2-1/2"]
[WhiteElo "2272"]
[BlackElo "2346"]
[PlyCount "60"]
[EventDate "2013.??.??"]
[EventType "tourn (corr)"]
[EventRounds "6"]
[EventCountry "GER"]
[SourceTitle "Corr 2015"]
[Source "ChessBase"]
[SourceDate "2015.07.17"]
[SourceVersion "1"]
[SourceVersionDate "2015.07.17"]
[SourceQuality "1"]

1. Nf3 g6 2. d4 Bg7 3. c4 c5 4. e4 Qb6 5. dxc5 Qxc5 6. Be2 d6 7. 0-0 Nc6 8. a3 Bg4 9. Be3 Qa5 10. Bd2 Qc7 11. Nc3 Nf6 12. Nd5 Qd7 13. Bc3 Bxf3 14. Bxf3 0-0 15. Rc1 Ne8 16. Bxg7 Kxg7 17. Qd3 e6 18. Nc3 Rc8 19. Rfd1 a6 20. Be2 Qc7 21. Nb5 Qe7 22. Nxd6 Nxd6 23. Qxd6 Qf6 24. b4 Rfd8 25. Qg3 a5 26. Rxd8 Rxd8 27. b5 Nd4 28. Qe3 Qe7 29. Bf1 e5 30. c5 Rc8 1/2-1/2